101个科学知识 (Record no. 30473)

000 -LEADER
fixed length control field 00512nam a22001937a 4500
003 - CONTROL NUMBER IDENTIFIER
control field MPLRDC
005 - DATE AND TIME OF LATEST TRANSACTION
control field 20220104142404.0
008 - FIXED-LENGTH DATA ELEMENTS--GENERAL INFORMATION
fixed length control field 210129b ||||| |||| 00| 0 eng d
020 ## - INTERNATIONAL STANDARD BOOK NUMBER
International Standard Book Number 978-986-6457-78-4
082 ## - DEWEY DECIMAL CLASSIFICATION NUMBER
Classification number 528.47 LC
100 ## - MAIN ENTRY--PERSONAL NAME
Personal name 刘畅
245 ## - TITLE STATEMENT
Title 101个科学知识
Statement of responsibility, etc. 晴天漫画工作室 绘
250 ## - EDITION STATEMENT
Edition statement 再版三刷
260 ## - PUBLICATION, DISTRIBUTION, ETC.
Place of publication, distribution, etc. 台湾
Name of publisher, distributor, etc. 大众国际书局股份有限公司
Date of publication, distribution, etc. 2011
300 ## - PHYSICAL DESCRIPTION
Other physical details 207
490 ## - SERIES STATEMENT
Series statement SUPER小学堂
650 ## - SUBJECT ADDED ENTRY--TOPICAL TERM
Topical term or geographic name entry element 青少年教育
942 ## - ADDED ENTRY ELEMENTS (KOHA)
Koha item type Book
-- 528.47 LC
Holdings
Withdrawn status Lost status Source of classification or shelving scheme Damaged status Not for loan Collection code Home library Current library Shelving location Date acquired Cost, normal purchase price Total Checkouts Total Renewals Full call number Barcode Date last seen Date last checked out Price effective from Koha item type Public note
            Malaysian Public Library, Research and Development Centre Malaysian Public Library, Research and Development Centre   10/12/2007 15.90   1 528.47 LC 00030546 18/03/2021 22/04/2016 18/03/2021 Book mplrdc

© 2022. Malaysian Public Library, Research and Development Centre. All Right ReservedE-mailmplrdc@help.edu.my 

Powered by Koha